Law Relating to Arbitration and Conciliation/ (Record no. 1430916)

MARC details
000 -LEADER
fixed length control field 00923nam a2200301Ia 4500
003 - CONTROL NUMBER IDENTIFIER
control field OSt
005 - DATE AND TIME OF LATEST TRANSACTION
control field 20250522152946.0
008 - FIXED-LENGTH DATA ELEMENTS--GENERAL INFORMATION
fixed length control field 25052250409s9999 xx 000 0 eng d
037 ## - SOURCE OF ACQUISITION
Stock number Textbook
040 ## - CATALOGING SOURCE
Original cataloging agency LCT
Language of cataloging eng
Transcribing agency LCT
041 ## - LANGUAGE CODE
Language code of text/sound track or separate title eng
Source of code eng
084 ## - COLON CLASSIFICATION NUMBER
Classification number Z,7,16, Q18
Assigning agency LCT
100 ## - MAIN ENTRY--PERSONAL NAME
Personal name Markanda, P C
245 #0 - TITLE STATEMENT
Title Law Relating to Arbitration and Conciliation/
Statement of responsibility, etc. by P C Markanda, Rajesh Markanda and Naresh Markanda
250 ## - EDITION STATEMENT
Edition statement 11th ed.
260 ## - PUBLICATION, DISTRIBUTION, ETC.
Place of publication, distribution, etc. New Delhi
Name of publisher, distributor, etc. Eastern Book Company
Date of publication, distribution, etc. 2018
300 ## - PHYSICAL DESCRIPTION
Extent cccxix, 1696p.
365 ## - TRADE PRICE
Price type code INR
Price amount 590
650 ## - SUBJECT ADDED ENTRY--TOPICAL TERM
Topical term or geographic name entry element Law
650 ## - SUBJECT ADDED ENTRY--TOPICAL TERM
Topical term or geographic name entry element Arbitration and award Arbitration
9 (RLIN) 810324
650 ## - SUBJECT ADDED ENTRY--TOPICAL TERM
Topical term or geographic name entry element India Conciliation
9 (RLIN) 810325
650 ## - SUBJECT ADDED ENTRY--TOPICAL TERM
Topical term or geographic name entry element Civil procedure
9 (RLIN) 681550
650 ## - SUBJECT ADDED ENTRY--TOPICAL TERM
Topical term or geographic name entry element Civil procedure- India
9 (RLIN) 784801
700 ## - ADDED ENTRY--PERSONAL NAME
Personal name Markanda, Rajesh
700 ## - ADDED ENTRY--PERSONAL NAME
Personal name Markanda, Naresh
942 ## - ADDED ENTRY ELEMENTS (KOHA)
Koha item type Textbook
Classification part Z,7,16, Q18
Source of classification or shelving scheme Colon Classification (CC)
Suppress in OPAC No
Holdings
Withdrawn status Lost status Source of classification or shelving scheme Damaged status Not for loan Collection Home library Current library Shelving location Date acquired Source of acquisition Cost, normal purchase price Inventory number Total Checkouts Full call number Barcode Date last seen Price effective from Koha item type
    Colon Classification (CC)     Non-fiction Law Centre-II Library Law Centre-II Library General Stacks 2025-05-22 Singhal Publication 2695.00 6707/18.02.2019   Z,7,16, Q18 LT0027073 2025-05-22 2025-05-22 Textbook
    Colon Classification (CC)     Non-fiction Law Centre-II Library Law Centre-II Library General Stacks 2025-05-22 Singhal Publication 2695.00 6707/18.02.2019   Z,7,16, Q18 LT0027074 2025-05-22 2025-05-22 Textbook
    Colon Classification (CC)     Non-fiction Law Centre-II Library Law Centre-II Library General Stacks 2025-05-22 Singhal Publication 2695.00 6707/18.02.2019   Z,7,16, Q18 LT0027075 2025-05-22 2025-05-22 Textbook
    Colon Classification (CC)     Non-fiction Law Centre-II Library Law Centre-II Library General Stacks 2025-05-22 Singhal Publication 2695.00 6707/18.02.2019   Z,7,16, Q18 LT0027076 2025-05-22 2025-05-22 Textbook
Copyright @ Delhi University Library System